Derecho internacional de los refugiados y derecho internacional de los derechos humanos: aproximaciones y convergencias /

Zapisane w:
Opis bibliograficzny
1. autor: Cancado Trindade, Antonio A.
Format: Texto
Hasła przedmiotowe:
Etykiety: Dodaj etykietę
Nie ma etykietki, Dołącz pierwszą etykiete!

MARC

LEADER 00000 a a2200000 04500
001 7665
003
040
100 |a Cancado Trindade, Antonio A.  
245 |a Derecho internacional de los refugiados y derecho internacional de los derechos humanos:   |b aproximaciones y convergencias /  |c Antonio A. Cancado Trindade 
650 |a DERECHOS HUMANOS  
650 |a DERECHO INTERNACIONAL  
650 |a ORGANIZACIONES INTERGUBERNAMENTALES  
650 |a ORGANIZACIONES NO GUBERNAMENTALES  
650 |a TEORIA  
650 |a SOCIEDAD  
650 |a PAZ  
773 |g volumen 30, número 119 -120; páginas 321-349  
999 |c 21275  |d 21275